| 000 | 00580nam a2200193Ia 4500 | ||
|---|---|---|---|
| 003 | GCL | ||
| 008 | 140319s9999 xx 000 0 ara d | ||
| 040 |
_aGCL / _cGCL |
||
| 082 | 0 | 4 |
_a791.43 _bن ا |
| 100 | 1 | _aناصر جلال حسين | |
| 245 | 1 | 0 |
_aالابعاد الاقتصادية لازمة صناعة السينما المصرية / _cناصر جلال حسين |
| 300 | _a366 | ||
| 490 |
_a100 قصة _v0 |
||
| 650 | 0 | 4 | _aمصر |
| 650 | 0 | 4 | _aصناعة وتجارة |
| 650 | 0 | 4 | _aالافلام السينمائية |
| 650 | 0 | 4 | _aالسينما |
| 942 |
_2ddc _cBK |
||
| 999 |
_c43886 _d43886 |
||